ՀՀ Գիտությունների ազգային ակադեմիայի հիմնարար գիտական գրադարան  =   Fundamental Scientific Library of NAS RA

Александр Сергеевич Грибоедов : (Record no. 451468)

MARC details
000 -LEADER
fixed length control field 01086nam a2200229 a 4500
001 - CONTROL NUMBER
control field 001010859
003 - CONTROL NUMBER IDENTIFIER
control field AM-YEHGA
005 - DATE AND TIME OF LATEST TRANSACTION
control field 20250617160341.0
008 - FIXED-LENGTH DATA ELEMENTS--GENERAL INFORMATION
fixed length control field 140402s1945 ru r 000 0 rus d
040 ## - CATALOGING SOURCE
Original cataloging agency AM-YeHGA
041 0# - LANGUAGE CODE
Language code of text/sound track or separate title rus
090 ## - LOCALLY ASSIGNED LC-TYPE CALL NUMBER (OCLC); LOCAL CALL NUMBER (RLIN)
-- 454407
100 1# - MAIN ENTRY--PERSONAL NAME
Personal name Смирнова-Чикина, Е.С.
Relator term сост.
Relationship com
245 10 - TITLE STATEMENT
Title Александр Сергеевич Грибоедов :
Remainder of title Рукомендательный указатель литературы /
Statement of responsibility, etc. Сост. Е.С. Смирнова-Чикина; Под общей ред. Н.Л. Бродского; Гос. б-ка СССР им. В.И. Ленина.
260 ## - PUBLICATION, DISTRIBUTION, ETC.
Place of publication, distribution, etc. Москвa :
Name of publisher, distributor, etc. Б. и.,
Date of publication, distribution, etc. 1945.
300 ## - PHYSICAL DESCRIPTION
Extent 72 с. ;
Dimensions 16 см.
440 #0 - SERIES STATEMENT/ADDED ENTRY--TITLE
Title Великие русские писатели
Volume/sequential designation Вып. 5
600 14 - SUBJECT ADDED ENTRY--PERSONAL NAME
Personal name Грибоедов, Александр Сергеевич
Dates associated with a name 1795-1829
650 14 - SUBJECT ADDED ENTRY--TOPICAL TERM
Topical term or geographic name entry element Отраслевые библиографии
700 1# - ADDED ENTRY--PERSONAL NAME
Personal name Бродский, Н.Л.
Relator term ред.
Relationship edt
710 2# - ADDED ENTRY--CORPORATE NAME
Corporate name or jurisdiction name as entry element Государственная библиотека СССР им. В.И. Ленина
Holdings
Withdrawn status Lost status Damaged status Not for loan Collection Home library Current library Date acquired Total checkouts Full call number Barcode Date last seen Price effective from Koha item type Public note
        General Fundamental Scientific Library Fundamental Scientific Library 25/09/2020   РД I/12069 FL0627688 25/09/2020 25/09/2020 Գրքեր / Books 30 Days Loan


ՀՀ ԳԱԱ հիմնարար գիտական գրադարան
ՀՀ,Երևան 0019
Մարշալ Բաղրամյան 24/6
հեռախոս:(374-10) 52-47-50
Հետադարձ կապ

All site content, except where otherwise noted, is licensed under a
Creative Commons License